000 00553nam a22002177a 4500
003 UA-OsUOA
001 39679
007 ta
008 20060626b un ||||| |||| 00| 0 ukr d
100 _aМуртазаєв А.
090 _a32
_bМ11
942 _cSA
040 _aUA-OsUOA
_bukr
_cUA-OsUOA
_dUA-OsUOA
245 _aТеатр для одного глядача. Чи потрібен Путіну наступник?
300 _aС.7
955 _a0
041 _aukr
080 _a32
773 0 _w39678
650 7 _a32 Політика
_2UDC
999 _c325818
_d325818